Temperature and life (Record no. 26528)

MARC details
000 -LEADER
fixed length control field 00496nam a2200205Ia 4500
082 ## - DEWEY DECIMAL CLASSIFICATION NUMBER
Classification number 581.52
Item number PRE
100 ## - MAIN ENTRY--AUTHOR NAME
Personal name Precht, H
245 #0 - TITLE STATEMENT
Title Temperature and life
260 ## - PUBLICATION, DISTRIBUTION, ETC. (IMPRINT)
Place of publication New York
Name of publisher Springer
Year of publication 1973
650 ## - SUBJECT ADDED ENTRY--TOPICAL TERM
Topical Term Carbohydrate metabolism
650 ## - SUBJECT ADDED ENTRY--TOPICAL TERM
Topical Term Ecology
650 ## - SUBJECT ADDED ENTRY--TOPICAL TERM
Topical Term Environment
650 ## - SUBJECT ADDED ENTRY--TOPICAL TERM
Topical Term Hibernation
650 ## - SUBJECT ADDED ENTRY--TOPICAL TERM
Topical Term Homeotherms
650 ## - SUBJECT ADDED ENTRY--TOPICAL TERM
Topical Term Microorganisms
650 ## - SUBJECT ADDED ENTRY--TOPICAL TERM
Topical Term Poikilotherms
650 ## - SUBJECT ADDED ENTRY--TOPICAL TERM
Topical Term Temperature
942 ## - ADDED ENTRY ELEMENTS (KOHA)
Koha item type Books
Holdings
Withdrawn status Lost status Damaged status Not for loan Home library Current library Date acquired Full call number Accession Number Koha item type
        RRII Library RRII Library 16/12/2021 581.52 PRE 07161 Books